Benefits of Cooperative Distribution

Salvato in:
Dettagli Bibliografici
Autore principale: Čičková, Zuzana, 1978-
Altri autori: Sequeira Lopez, Allan Jose, 1986-
Natura: Capitolo di libro
Lingua:inglese
Soggetti:
Tags: Aggiungi Tag
Nessun Tag, puoi essere il primo ad aggiungerne!!

MARC

LEADER 00000naa$a2200000$$$4500
001 0296744
005 20240502083956.8
041 0 |a eng 
044 |a IT 
245 1 0 |a Benefits of Cooperative Distribution  |c Zuzana Čičková, Allan Jose Sequeira Lopez 
610 2 0 |a spolupráca vedecká 
610 2 0 |a teória hier 
610 2 0 |a programovanie 
100 1 |a Čičková, Zuzana, 1978- 
700 1 |a Sequeira Lopez, Allan Jose, 1986-